[Event "Stara Lubovna op"]
[Site "Stara Lubovna"]
[Date "2014.04.06"]
[Round "1"]
[White "Bakalar, Jan"]
[Black "Vasilik, Jozef"]
[Result "1-0"]
[WhiteElo "1967"]
[BlackElo "1432"]
[PlyCount "29"]
[EventDate "2014.04.06"]
[EventType "swiss"]
[EventRounds "7"]
[EventCountry "SVK"]
[SourceTitle "CBM 160 Extra"]
[Source "ChessBase"]
[SourceDate "2014.07.01"]
[SourceVersion "1"]
[SourceVersionDate "2014.07.01"]
[SourceQuality "1"]

1. e4 e5 2. Nc3 c6 3. d4 exd4 4. Qxd4 Na6 5. Bc4 d6 6. Nf3 h6 7. 0-0 Nc5 8. Rd1 Ne6 9. Qd3 Qf6 10. e5 dxe5 11. Ne4 Qe7 12. Nxe5 Nf6 13. Ng3 Nc5 14. Bxf7+ Qxf7 15. Qd8# 1-0